000 00319nam a2200109Ia 4500
008 200302s9999 xx 000 0 und d
100 _aIpsita Chatterjee
245 _aDisplacement, Revolution, and the New urban Condition - theories and case studies
260 _bSage Publications
260 _c2014
300 _a158 P.,
999 _c4267
_d4267